Sets of Three Quiz Stats

 Plays Quiz Updated Jan 7, 2017

Support Sporcle.
Go Orange.
Score 0/30 Timer 04:00
11 Plays Today
% Correct
Oceans
90.8%
Strings
90.3%
Chess Pieces
90.1%
US States
89.9%
US Presidents
88.9%
Chipmunks
88.4%
Spanish Numbers
86.4%
Fish
83.4%
Top 10 Girl Names
81.4%
Elements
81.3%
Rivers
80.9%
Card Games
79.9%
US Generals
79.8%
Mountain Ranges
79.2%
Olympic Host Cities
79.2%
% Correct
Rock Bands
79.1%
Flowers
77.6%
Gun Powder Ingredients
76.8%
Trees
76.8%
Top 10 Boy Names
75.9%
Best Picture Winners
72.6%
UK Prime Ministers
70.2%
Minor Prophets
69%
Stair Parts
66%
Ear Bones
62.3%
NBA Most Valuable Players
61.3%
Supervolcanoes
57.7%
British Open Champions
56.9%
World Capitals
55.5%
Quarks
52.1%

You're not logged in!

Compare scores with friends on all Sporcle quizzes.
OR
Log In
Forgot?

From the Vault

Coen Brothers Movies

by Derek

Make yourself a White Russian, pull out the wood chipper and try to guess all the Coen Brothers Movies
Remove Ads.
Support Sporcle.
Get the best of Sporcle when you Go Orange. This ad-free experience offers more features, more stats, and more fun while also helping to support Sporcle. Thank you for becoming a member.

Show Comments

Extras

Top Quizzes Today


Score Distribution

Your Account Isn't Verified!

In order to create a playlist on Sporcle, you need to verify the email address you used during registration. Go to your Sporcle Settings to finish the process.

Report this User

Report this user for behavior that violates our Community Guidelines.

Details: